30 Biggest Cities in Finland - Statistics

General Stats
  • This quiz has been taken 98 times
  • The average score is 20 of 30
Answer Stats
Lp City Population % Correct
1. Helsinki 558 457
100%
6. Oulu 128 618
94%
5. Turku 175 945
94%
3. Tampere 202 687
93%
2. Espoo 256 760
91%
4. Vantaa 190 058
84%
25. Rovaniemi 34 781
83%
9. Jyväskylä 85 025
82%
14. Joensuu 53 388
78%
7. Lahti 98 826
77%
10. Pori 76 772
77%
8. Kuopio 89 104
76%
12. Vaasa 57 014
76%
11. Lappeenranta 59 276
72%
13. Kotka 54 616
71%
30. Kouvola 31 133
70%
15. Hämeenlinna 47 261
66%
17. Mikkeli 46 550
65%
16. Porvoo 47 192
62%
21. Rauma 36 550
57%
28. Seinäjoki 32 149
57%
23. Kokkola 35 586
55%
24. Kajaani 35 375
48%
18. Hyvinge 43 515
44%
19. Järvenpää 38 148
39%
29. Kerava 31 347
39%
22. Lohja 35 960
35%
20. Nurmijärvi 37 073
28%
26. Tuusula 34 725
24%
27. Kirkkonummi 32 920
22%
No matching quizzes found
Score Distribution
Percent of People with Each Score
Percentile by Number Answered
Your Score History
You have not taken this quiz